| 000 | 01203nam a2200265 a 4500 | ||
|---|---|---|---|
| 003 | DO-SdBNP | ||
| 005 | 20220920134514.0 | ||
| 007 | ta | ||
| 008 | 220916e2015 dr a|||grf|||s001 0 spa d | ||
| 040 |
_aDO-SdBNP _bspa _cBNPHU |
||
| 082 | 4 |
_222 _bM665a |
|
| 110 | 1 |
_959760 _aMinisterio de Agricultura e Inmigración (República Dominicana) |
|
| 245 | 1 | 0 |
_aManual de inducción. / _cElaboración, Daysi Jaqueline Torres; Edición de textos, Arismendy Rodríguez, Rayka E. Mena |
| 260 |
_aSanto Domingo : _bMinisterio de Agricultura, _c2015 |
||
| 300 |
_a46 p. : _bil. ; _c22 cm. |
||
| 505 |
_tQuienes somos.-- _tConsideraciones generales.-- _tDerechos de los servidores públicos.-- _tDeberes de los servidores públicos.-- _tCondiciones de trabajo _tPrestaciones sociales.-- _tBeneficios que ofrece el Ministerio de Agricultura.-- _tInformaciones generales. |
||
| 590 | _aInventariado 2022 / MF | ||
| 650 | 4 |
_924087 _aManuales _zRepública Dominicana |
|
| 651 | 4 |
_951796 _aMinisterio de Agricultura _xManuales _zRepública Dominicana |
|
| 700 | 1 |
_aTorres, Daysi Jaqueline _982394 |
|
| 700 | 1 |
_961816 _aRodríguez, Arismendy _etexto |
|
| 700 | 1 |
_aMena, Rayka E. _982395 |
|
| 910 | _aMFeliz | ||
| 942 |
_2ddc _cLBS1 |
||
| 999 |
_c52414 _d52414 |
||